[Event "URU-ch Semi Final 2020"]
[Site "Montevideo"]
[Date "2020.02.23"]
[Round "5.2"]
[White "Granara Barreto, Sebastian"]
[Black "Coppola, Claudio"]
[Result "0-1"]
[WhiteElo "2132"]
[BlackElo "2314"]
[Annotator "TA"]
[PlyCount "86"]
[EventDate "2020.02.22"]
[EventType "swiss"]
[EventCountry "URU"]
[SourceTitle "playchess.com"]
[Source "ChessBase"]
[SourceQuality "1"]

{[%evp 9,86,9,11,-13,9,-9,-4,0,0,-13,-23,-40,41,44,64,34,46,27,64,56,89,74,91,93,85,65,181,170,282,289,258,239,306,227,214,220,231,267,239,129,148,30,102,101,103,103,154,105,103,44,44,-29,0,2,10,0,0,-43,0,-2,-5,-261,20,-750,-746,-29978,-29978,-3680,-3258,-29984,-29985,-29985,-29985,-29985,-29986,-29993,-29993,-29995,-29996]} 1. c4 b6 2. Nc3 Bb7 3. e4 e5 4. Nge2 Nc6 5. d3 Bc5 6. Nd5 {[#] A10: English Opening: Unusual Replies for Black.} Nd4 $146 ({Predecessor:} 6... Nge7 7. g3 Nd4 8. Nec3 c6 9. Ne3 a6 10. Rb1 b5 11. b4 Bb6 12. Bh3 a5 {0-1 (46) Van Leent,D (2230)-Kjartansson,G (2468) Reykjavik 2017}) 7. Nxd4 Bxd4 8. Qg4 {The position is equal.} g6 9. Nc3 Qe7 10. Be2 Qb4 (10... f5 $15 11. exf5 O-O-O) 11. O-O $36 {[%mdl 2048] White is pushing.} Bxc3 12. a3 {[%cal Ba2a3,Ba3a4][%mdl 32]} Qa5 13. bxc3 Qxc3 14. Be3 d6 15. a4 {[%mdl 1024] White has strong compensation.} Qa5 16. Qh4 f6 17. Qh3 Ke7 (17... Bc8 $14 18. Qg3 Ne7) 18. Rfd1 $18 Qa6 (18... Bc8 $142 19. Qg3 Kf7) 19. a5 bxa5 20. c5 d5 {[#]} 21. c6 $1 {[%mdl 512]} Bxc6 (21... Qxc6 22. d4) 22. Bc5+ Kf7 23. exd5 Be8 24. Qf3 (24. Re1 $18) 24... Bb5 $16 25. Bb4 (25. Re1 $16) 25... a4 (25... Nh6 $11) 26. Rac1 Rc8 {[#]} 27. d6 $1 {[%mdl 512] Threatens to win with Qd5+.} c6 (27... Kg7 $142) (27... cxd6 28. Qd5+) 28. Qe3 {Black must now prevent Bg4.} h5 29. Qc5 (29. f4 $16 exf4 30. Qxf4) 29... Qb6 $14 {Black wants to play ...Qxc5.} 30. Qc3 ({And not} 30. d7 Rd8 $17) ({White should play} 30. Qc2 $14) 30... Qd4 31. Qa3 Nh6 32. Bf3 (32. Bc5 $11 Qf4 33. Be3) 32... Ng4 $1 $15 33. Bc5 $1 {[%cal Rc5d4]} Qf4 34. Qa2+ Kg7 35. h3 $2 {[%mdl 8192]} (35. d7 $1 $11 Rb8 36. h3 Qh2+ 37. Kf1 Bxd3+ 38. Rxd3 Qh1+ 39. Ke2 Qxc1 40. Ba3) 35... Bxd3 $2 (35... Qh2+ $19 36. Kf1 {[#]} e4 $1 {[%mdl 512]} 37. Bxe4 Bxd3+ $1 {[%mdl 512]} 38. Rxd3 (38. Bxd3 $2 Rhe8 $19) 38... Qh1+ 39. Ke2 Qxc1 40. Bxa7 Rce8 41. Qxa4 f5 {[%mdl 64] Pin}) 36. g3 $2 {[%mdl 8192]} (36. Bxg4 $11 hxg4 37. Qe6) 36... Qxf3 $19 37. Qe6 Be4 {[%csl Ge4][%cal Rf3h1]} 38. Kf1 Rb8 {( -> ...Rb2)} 39. Qe7+ Kh6 {Black mates.} 40. hxg4 Rb2 {[%cal Rf3h1]} 41. Be3+ g5 42. Bxg5+ fxg5 {[%csl Gb2][%cal Rf3f2]} 43. Qe6+ Bg6 {Black used his chance. Accuracy: White = 63%, Black = 58%.} 0-1

[Event "URU-ch Semi Final 2020"]
[Site "Montevideo"]
[Date "2020.02.23"]
[Round "5.3"]
[White "Lopez Azambuja, Nicolas"]
[Black "Michailov, Matias"]
[Result "1-0"]
[WhiteElo "2310"]
[BlackElo "2262"]
[Annotator "TA"]
[PlyCount "73"]
[EventDate "2020.02.22"]
[EventType "swiss"]
[EventCountry "URU"]
[SourceTitle "playchess.com"]
[Source "ChessBase"]
[SourceQuality "1"]

{[%evp 11,73,58,41,0,8,15,9,4,15,-10,3,-37,-28,-95,-95,-202,-189,-301,-323,-264,-311,-312,-293,-303,-283,-305,-253,-241,-294,-314,-248,-250,-254,-294,-257,-275,-239,-213,-219,-230,385,370,425,433,477,490,490,490,489,465,485,485,29994,660,622,523,764,470,676,460,427,213,458,458]} 1. d4 Nf6 2. c4 g6 3. Nc3 Bg7 4. e4 d6 5. Be2 O-O 6. Be3 Nbd7 7. g4 {E73: King's Indian: Averbakh Variation without 6...c5.} c5 $1 {is the new trend.} 8. g5 {[#]} Nh5 $146 ({Predecessor:} 8... Ne8 9. Nf3 b6 10. h4 cxd4 11. Nxd4 Bb7 12. h5 {½-½ (12) Brokken,D (2401)-Iordachescu,V (2581) Prague 2017}) 9. Bxh5 {The position is equal.} gxh5 10. Qd2 a6 {[%cal Ba7a6,Ba6b5,Bb5b4][%mdl 32]} 11. b3 {[#]} b5 $1 {[%mdl 512]} 12. cxb5 (12. Nge2 $11) 12... axb5 $17 13. f3 (13. Nge2 $17 {was called for.}) 13... b4 $36 {[%mdl 2048] Black is in control.} 14. Nd1 (14. Na4 $142) 14... cxd4 15. Bxd4 Bxd4 16. Qxd4 Nc5 17. Ne2 e5 18. Qe3 Ra3 19. Nc1 f5 20. Nf2 fxe4 21. Nxe4 Nxe4 22. Qxe4 Rf4 ({Don't take} 22... Qxg5 23. Ne2 $17) 23. Qd5+ Kg7 24. Ne2 Ra5 25. Qd3 Ba6 $4 {[%mdl 8192]} (25... Rf7 $19 {avoids the disaster. ...Bb7 is the strong threat.} 26. Ng3 Qxg5) 26. Nxf4 $18 exf4 27. Qd4+ Re5+ 28. Kf2 Qc8 {[#]} 29. Rhe1 $1 Qc2+ 30. Kg1 Be2 31. Rac1 Qxa2 (31... Qd3 $18 32. Rc7+ Kg6 33. Qxf4 Rf5) 32. Qxf4 (32. Rc7+ $142 Kg8 33. Qxf4 Rf5 34. Qxf5 Qa7+ 35. Rxa7 Bb5 36. Qxh7+ Kf8 37. Qh8#) 32... Qa7+ 33. Kg2 {Intending Qf6+ and mate.} Qd7 34. Qf6+ Kg8 35. Ra1 Re8 {If only Black now had time for ...Rf8....} 36. Qd4 (36. h4 $142) 36... Qf5 $2 (36... Bxf3+ 37. Kg3 (37. Kxf3 Qh3+ {[%mdl 64] Double Attack} 38. Kf2 Qxh2+ 39. Kf3 Qh3+ 40. Kf2 Qh2+ 41. Kf3 Qh3+ 42. Kf2 Qh2+ $11) 37... Rc8) 37. Qf2 {Accuracy: White = 53%, Black = 67%.} 1-0

[Event "URU-ch Semi Final 2020"]
[Site "Montevideo"]
[Date "2020.02.23"]
[Round "5.4"]
[White "Vazquez, Facundo"]
[Black "Curi, Gabriel"]
[Result "1/2-1/2"]
[WhiteElo "2155"]
[BlackElo "2132"]
[Annotator "TA"]
[PlyCount "47"]
[EventDate "2020.02.22"]
[EventType "swiss"]
[EventCountry "URU"]
[SourceTitle "playchess.com"]
[Source "ChessBase"]
[SourceQuality "1"]

{[%evp 16,47,0,6,22,29,22,18,47,47,84,57,81,15,62,16,41,-18,-17,-12,-12,-14,-16,-16,-16,-11,-16,-20,0,0,0,0,12,10]} 1. d4 Nf6 2. c4 e6 3. Nf3 b6 4. g3 Ba6 5. Qa4 c5 6. dxc5 Bxc5 7. Bg2 Bb7 8. O-O O-O 9. Nc3 Qc8 {E15: Queen's Indian: 4 g3 sidelines, 4 g3 Ba6 and 4 g3 Bb7 early deviations.} 10. Bg5 Be7 11. Rfd1 Bc6 12. Qc2 Na6 {[%cal Bb8a6,Ba6c5,Bc5e4][%mdl 32]} 13. Rac1 {[#]} Rd8 $146 ({Predecessor:} 13... h6 14. Bf4 Qb7 15. Bd6 Bxd6 16. Rxd6 Nc5 17. Rcd1 Rac8 18. b4 Nce4 19. Nxe4 Nxe4 20. Rxc6 Qxc6 {½-½ (50) Castaneda,J (2182)-Garavito,M (2291) Medellin 2018}) 14. b3 (14. e4 $16) 14... Qb7 15. Qb2 Rac8 16. a3 (16. Nb5 $14) 16... Nc5 $11 {The position is equal.} 17. b4 Nce4 18. Nxe4 Bxe4 19. Ne1 Bxg2 20. Nxg2 h6 21. Be3 d5 22. cxd5 Nxd5 23. Bd4 Bf6 24. Bxf6 {Accuracy: White = 70%, Black = 72%.} 1/2-1/2

[Event "URU-ch Semi Final 2020"]
[Site "Montevideo"]
[Date "2020.02.23"]
[Round "5.5"]
[White "Guerrero, Alvaro"]
[Black "Dominguez, Facundo"]
[Result "0-1"]
[WhiteElo "2094"]
[BlackElo "2135"]
[Annotator "TA"]
[PlyCount "120"]
[EventDate "2020.02.22"]
[EventType "swiss"]
[EventCountry "URU"]
[SourceTitle "playchess.com"]
[Source "ChessBase"]
[SourceQuality "1"]

{[%evp 21,120,10,31,20,0,0,-12,-6,-9,-15,-8,-9,-4,-1,16,10,10,27,8,-39,0,0,0,-31,0,-29,-28,-101,-73,-198,-199,-199,-188,-233,-233,-272,-253,-243,-253,-250,-247,-255,-171,-215,-216,-193,-146,-146,-149,-144,-146,-165,-172,-162,-162,-177,-179,-205,-177,-173,-172,-206,-204,-189,-195,-192,-195,-172,-156,-272,-225,-270,-230,-311,-288,-298,-206,-297,-225,-292,-240,-296,-283,-247,-206,-668,-662,-635,-620,-831,-845,-29972,-29973,-29974,-29975,-29976,-29977,-29977,-29978,-29978,-29979]} 1. d4 Nf6 2. c4 e6 3. Nc3 Bb4 4. e3 c5 5. Bd3 Nc6 6. Nf3 cxd4 7. exd4 d5 8. O-O dxc4 9. Bxc4 O-O 10. Qd3 Be7 11. a3 a6 12. Rd1 {E57: Nimzo-Indian: Rubinstein: Main Line: 7...Nc6 8 a3 dxc4 9 Bxc4 cxd4.} b5 13. Bb3 Bb7 14. Bc2 {The position is equal.} Na5 {[%cal Bc6a5,Ba5c4,Bc4b6,Bb6d5,Bd5e7,Be7f5][%mdl 32]} 15. Ne5 Rc8 16. Qh3 Nc4 {[#]} 17. Bd3 $146 ({Predecessor:} 17. Bb3 Nd5 18. Nxc4 bxc4 19. Bc2 f5 20. Nxd5 Qxd5 21. b3 c3 22. f3 Bf6 23. Be3 g6 24. Qg3 {0-1 (33) Breedveld,A (2145)-Overeem,M (2187) Haarlem 1999}) 17... Nb6 18. Bg5 {[#] aiming for Bxf6.} g6 $1 19. Bh6 Re8 20. Bc2 Nbd5 21. Bb3 Qb6 22. Ne2 (22. Bxd5 $5 Nxd5 23. Qg3 $15) 22... Bf8 23. Bd2 Bg7 24. Qh4 {[#]} (24. Bh6 $11) 24... Ne7 $1 $17 25. Bg5 {This costs White the game.} (25. Ng3 $17 {was called for.}) 25... Nf5 $19 26. Qh3 Ne4 $36 {[%mdl 2048] Black has strong initiative.} 27. Bf4 Red8 28. Be3 Bxe5 29. dxe5 Nxe3 30. Qxe3 Qxe3 31. fxe3 Nc5 32. Rxd8+ Rxd8 33. Rd1 Rxd1+ 34. Bxd1 {[%mdl 4096] Endgame KBN-KBN} Nd3 35. b3 Nxe5 36. Nd4 Kf8 37. Kf2 Ke7 38. h3 Kd6 39. Bc2 Nd7 40. Nf3 h6 41. e4 Kc5 42. Ke3 b4 43. a4 a5 44. g3 Ba6 45. h4 (45. Bd3 $17 Bxd3 46. Kxd3) 45... e5 46. Nd2 Kd6 47. Nf3 Nc5 48. Nd2 Ke7 49. Nf3 (49. Bd1 $142) 49... f6 50. Nd2 Kd6 51. Nf3 Bc8 52. Nd2 Be6 53. g4 $2 (53. Bd1) 53... Bxg4 54. Nc4+ Kc7 55. Nxa5 Be6 56. Bd1 Kb6 {Black mates.} 57. Nc4+ Bxc4 58. bxc4 Ka5 59. h5 gxh5 60. Bxh5 Kxa4 {Accuracy: White = 45%, Black = 83%.} 0-1

[Event "URU-ch Semi Final 2020"]
[Site "Montevideo"]
[Date "2020.02.23"]
[Round "5.6"]
[White "Izquierdo, Daniel"]
[Black "Lopez Falcon, Jorge"]
[Result "1/2-1/2"]
[WhiteElo "2134"]
[BlackElo "2119"]
[Annotator "TA"]
[PlyCount "50"]
[EventDate "2020.02.22"]
[EventType "swiss"]
[EventCountry "URU"]
[SourceTitle "playchess.com"]
[Source "ChessBase"]
[SourceQuality "1"]

{[%evp 12,50,2,-14,21,-9,16,9,16,-11,-14,-41,-46,-43,-56,-55,-57,-72,-76,-67,0,-16,-14,-16,-13,-15,-10,-24,0,0,12,-16,6,-26,-19,-22,-23,-36,-6,-8,-6]} 1. d4 d5 2. Nf3 c5 3. e3 Nf6 4. b3 g6 5. Bb2 Bg7 6. Be2 O-O 7. O-O Qc7 {D04: Colle System.} 8. Nbd2 Rd8 {[#]} 9. Rc1 $146 ({Predecessor:} 9. Re1 b6 10. Rc1 Bb7 11. Ne5 Nbd7 12. f4 Nf8 13. Bd3 Rac8 14. c3 a6 15. a4 {½-½ (40) Carlucci,J (1709)-Schroer,M (2127) Guernsey 2009}) 9... cxd4 10. exd4 Nc6 11. Ne5 Nxe5 12. dxe5 Ne4 13. Nf3 Nc3 14. Qd2 Nxe2+ 15. Qxe2 Bf5 (15... Bg4 $15) 16. c4 dxc4 17. Rxc4 Qb6 {[#] Hoping for ...Bd3.} 18. Rd4 Rac8 19. Rfd1 Qc7 20. h3 Rxd4 21. Bxd4 Qa5 22. Rd2 a6 23. Qe3 Qd5 24. Re2 Rc2 25. Rxc2 Bxc2 {Accuracy: White = 66%, Black = 81%.} 1/2-1/2

[Event "URU-ch Semi Final 2020"]
[Site "Montevideo"]
[Date "2020.02.23"]
[Round "5.7"]
[White "Suarez, Pedro"]
[Black "Muniz, Rafael"]
[Result "1-0"]
[WhiteElo "2063"]
[BlackElo "2232"]
[Annotator "TA"]
[PlyCount "75"]
[EventDate "2020.02.22"]
[EventType "swiss"]
[EventCountry "URU"]
[SourceTitle "playchess.com"]
[Source "ChessBase"]
[SourceQuality "1"]

{[%evp 21,75,12,26,10,70,58,75,64,140,83,120,115,126,113,172,37,99,31,31,55,47,23,10,34,14,13,18,12,14,10,227,236,279,213,282,147,134,131,132,126,273,291,285,283,289,198,192,208,225,225,225,225,206,208,587,587]} 1. d4 Nf6 2. c4 e6 3. Nc3 Bb4 4. e3 O-O 5. Bd3 d5 6. Nge2 c5 7. cxd5 cxd4 8. exd4 Nxd5 9. O-O Nc6 10. a3 Nxc3 11. bxc3 Bd6 12. Ng3 {E48: Nimzo-Indian: Rubinstein: 5 Bd3 d5 including 6 Ne2, but excluding 6 a3.} Bxg3 (12... Qc7 $11) 13. hxg3 {[#]} Qd5 $146 ({Predecessor:} 13... e5 14. d5 Ne7 15. c4 Bf5 16. Re1 f6 17. a4 Bxd3 18. Qxd3 Qd7 19. Ba3 Rfd8 {½-½ (38) Skalik,P (2400)-Serper,G (2490) Gdynia 1991}) 14. Rb1 {White is better.} a6 (14... Qd6 $14) 15. Qe2 (15. Re1 $142) 15... e5 16. Be4 Qd6 17. d5 Ne7 (17... Nb8 $16 18. c4 Nd7) 18. g4 (18. c4 $18) 18... b5 (18... Bxg4 $1 $14 19. Qxg4 f5) 19. Rd1 (19. a4 $16) 19... Bd7 20. a4 Rfc8 21. Qa2 {Threatens to win with Ba3.} Ng6 $1 (21... Bxg4 $6 22. Ba3 $16) 22. Ba3 $36 {[%mdl 2048] White has some pressure.} Qf6 23. d6 Rab8 $1 24. axb5 axb5 25. c4 {White wants to play c5.} Nh4 $2 (25... Bxg4 $11 {and Black is okay.} 26. d7 Rd8) 26. c5 Qf4 27. Qc2 b4 28. Bc1 ({Don't play} 28. Rxb4 $6 Rxb4 29. Bxb4 Qxg4 $18) ({White should play} 28. c6 $18 Qxg4 29. f3 (29. Bxb4 Bxc6 30. Bxc6 Rxc6 $11)) 28... Qxg4 $16 29. f3 ({Avoid the trap} 29. Bxh7+ $2 Kh8 $19) 29... Qg3 {[#]} 30. Be3 $1 ({Weaker is} 30. Bxh7+ Kh8 $17) 30... b3 (30... f5 $16 31. Bd5+ Kf8) 31. Qf2 $18 Qxf2+ 32. Bxf2 Nf5 {[#]} 33. c6 $1 {[%mdl 512]} Rxc6 (33... Bxc6 34. Bxf5) 34. Bxc6 Bxc6 35. d7 Rd8 36. Rxb3 {aiming for Rb8!} f6 {[#]} 37. Rbd3 $1 {Bb6 is the strong threat.} h5 $2 (37... Nd4 {is more resistant.} 38. Bxd4 exd4) 38. Bb6 {Accuracy: White = 62%, Black = 45%.} 1-0

[Event "URU-ch Semi Final 2020"]
[Site "Montevideo"]
[Date "2020.02.23"]
[Round "5.8"]
[White "Carvalho, Guillermo"]
[Black "Lanzilotta, Marcelo"]
[Result "1-0"]
[WhiteElo "2187"]
[BlackElo "2003"]
[Annotator "TA"]
[PlyCount "121"]
[EventDate "2020.02.22"]
[EventType "swiss"]
[EventCountry "URU"]
[SourceTitle "playchess.com"]
[Source "ChessBase"]
[SourceQuality "1"]

{[%evp 22,121,-26,-16,-3,-34,-34,-27,0,-36,-19,-41,-10,-18,0,-10,-18,-14,-16,0,-8,-51,0,0,0,0,0,0,25,0,0,0,-1,0,206,187,250,258,258,244,238,197,254,256,361,358,416,367,374,367,417,416,416,416,416,416,416,407,362,355,345,323,294,266,360,270,595,593,598,598,541,537,1385,1399,1397,1397,1419,1329,12832,1220,967,781,1043,1018,1274,1285,1123,893,12830,12831,12839,12839,12839,12839,12842,12843,12843,12843,12843,12843,12843,12843]} 1. c4 c6 2. e4 d5 3. exd5 cxd5 4. d4 Nc6 5. Nc3 Nf6 6. Bg5 e6 7. Nf3 Be7 8. Bd3 dxc4 9. Bxc4 O-O 10. O-O b6 11. Rc1 Bb7 12. a3 Rc8 {B14: Caro-Kann: Panov-Botvinnik Attack with 5...e6 and 5...g6.} 13. Bd3 h6 {[#]} 14. Be3 $146 ({Predecessor:} 14. Bh4 Nd5 15. Bg3 Nxc3 16. Rxc3 Bf6 17. Be4 Qd7 18. Ne5 Nxe5 19. dxe5 Qxd1 20. Rxd1 Bxe4 21. exf6 gxf6 {1-0 (32) Mueller,R (2121)-Jarvinen,R (2214) Germany 2012}) 14... Nd5 {Black has an edge.} 15. Qe2 Bf6 16. Rfd1 Nxe3 17. fxe3 Ne7 18. Bb1 Nd5 19. Ne4 Qe7 20. Qd3 {next Nd6! is good for White.} g6 21. Rf1 Rfd8 (21... Bg7 $15) 22. Rxc8 Rxc8 23. Nxf6+ Nxf6 24. Ne5 Be4 25. Qd1 {[#] And now Bxe4 would win.} Bf5 26. Qf3 {e4 is the strong threat.} Bxb1 27. Rxb1 {aiming for Rf1.} Kg7 $2 {White now steadily converts the win.} (27... Ne8 $11) 28. Rf1 $36 {[%mdl 2048] Keeping Black busy.} Rc7 (28... Nd5 {keeps fighting.}) 29. Nc6 Rxc6 30. Qxc6 {[%mdl 4096] Endgame KQR-KQN} Nd5 31. Qc1 f5 (31... Qh4 $142 32. Re1 Qe4) 32. Qe1 Nf6 (32... Qf6 $142 33. g3 Qd8) 33. Qg3 a5 34. Rc1 Nd5 35. h4 g5 36. Qe5+ Qf6 37. hxg5 hxg5 38. Qxf6+ Kxf6 {KR-KN} 39. Kf2 Ke7 40. Rh1 Nf6 41. Rh8 Kd6 42. Ke2 g4 43. Kd3 Nd5 $2 {[#]} (43... Ne4 {is tougher.} 44. Kc4 Nd2+ 45. Kd3 Ne4) 44. Rd8+ {White is clearly winning.} Kc6 45. Rf8 Kd6 46. Rf7 Kc6 47. g3 Kd6 48. e4 Ne7 49. Ke3 fxe4 50. Kxe4 (50. Rxe7 $142 Kxe7 51. Kxe4) 50... Nd5 51. Rf1 b5 52. Rc1 b4 53. a4 Nf6+ 54. Ke3 Nd5+ 55. Kd3 Nb6 56. b3 Nd7 57. Rc8 e5 58. Rd8 exd4 59. Kxd4 Kc6 60. Rg8 Kd6 61. Rg6+ {Accuracy: White = 79%, Black = 47%.} 1-0

[Event "URU-ch Semi Final 2020"]
[Site "Montevideo"]
[Date "2020.02.23"]
[Round "5.9"]
[White "Pichuaga, Juan Pablo"]
[Black "Avedisian, Alexander"]
[Result "0-1"]
[WhiteElo "2030"]
[BlackElo "1892"]
[Annotator "TA"]
[PlyCount "70"]
[EventDate "2020.02.22"]
[EventType "swiss"]
[EventCountry "URU"]
[SourceTitle "playchess.com"]
[Source "ChessBase"]
[SourceQuality "1"]

{[%evp 11,70,6,8,3,20,24,20,17,40,30,33,9,12,-12,-19,-25,-20,-27,-23,-14,-16,-75,-57,-54,-18,-63,-57,-68,-66,-74,0,-22,0,-25,0,0,-9,-64,-64,-61,-61,-66,-63,-326,-332,-388,-322,-505,-511,-498,-462,-729,-711,-786,-768,-989,-977,-968,-943,-2825,-2572]} 1. d4 Nf6 2. Nf3 g6 3. Bf4 Bg7 4. e3 O-O 5. Be2 c5 6. c3 d6 7. O-O {A48: 1 d4 Nf6 2 Nf3 g6: Torre, London and Colle Systems.} cxd4 8. exd4 Nc6 {[%cal Bb8c6,Bc6e7,Be7f5,Bf5g3][%mdl 32]} 9. Nbd2 {The position is equal.} Nd5 10. Bg3 e5 11. dxe5 dxe5 {[#]} 12. Nb3 $146 ({Predecessor:} 12. h3 Re8 13. Bb5 a6 14. Bxc6 bxc6 15. Nc4 f6 16. Re1 Be6 17. Qe2 Rb8 18. Ne3 {0-1 (34) Engelman,T (1828)-Acimovic,S (1609) Otocec 2016}) 12... f6 13. Bc4 Nce7 $1 14. Qe2 Be6 15. Rfd1 Qb6 16. Rd2 (16. Nbd2 $11) 16... Rad8 17. Re1 Bf7 18. Rdd1 Nf5 19. Nh4 Nxg3 20. hxg3 a5 ({Better is} 20... Qc7 $17) 21. Qf3 $11 {[%cal Rc4d5]} a4 22. Bxd5 Bxd5 23. Rxd5 {[#] Strongly threatening Nc5.} axb3 24. a3 ({White should play} 24. axb3 $11 Qxb3 25. Red1 Rxd5 26. Qxd5+ Qxd5 27. Rxd5) 24... f5 $15 25. Qd3 $1 e4 26. Qb5 $1 {[%cal Rb5b6]} Qc6 27. Qxc6 $4 {[%mdl 8192] [#] Loses the game.} ({White has to play} 27. Rc5 $15 Qxb5 28. Rxb5) 27... bxc6 $19 28. Rc5 Rf6 29. g4 (29. a4 $142) 29... Rd2 {Black is clearly winning.} 30. gxf5 g5 31. Rxe4 (31. Rb1 $142) 31... gxh4 32. Rb4 Rxb2 33. a4 Bf8 34. Rb8 Kg7 35. Rc4 Rb1+ {Accuracy: White = 53%, Black = 91%.} 0-1

[Event "URU-ch Semi Final 2020"]
[Site "Montevideo"]
[Date "2020.02.23"]
[Round "5.10"]
[White "Soto, Nicolas"]
[Black "Ruggiero, Alvaro"]
[Result "1-0"]
[WhiteElo "2002"]
[BlackElo "1843"]
[Annotator "TA"]
[PlyCount "87"]
[EventDate "2020.02.22"]
[EventType "swiss"]
[EventCountry "URU"]
[SourceTitle "playchess.com"]
[Source "ChessBase"]
[SourceQuality "1"]

{[%evp 10,87,40,0,30,-3,6,-12,18,19,8,-8,-3,-48,47,39,61,47,72,57,55,55,86,54,48,0,0,-41,-29,-38,142,159,227,215,341,332,408,400,368,200,983,991,922,495,495,484,491,493,542,515,525,473,522,509,487,462,517,515,616,619,615,504,1020,651,705,689,615,487,1777,1754,809,730,1720,1664,1757,1774,2295,2075,2577,2447]} 1. e4 c6 2. d4 d5 3. e5 Bf5 4. h4 h6 5. g4 Bd7 6. h5 e6 {B12: Caro-Kann: Advance Variation.} (6... c5 $5) 7. Bd3 c5 8. c3 cxd4 {The position is equal.} 9. cxd4 Nc6 10. Nf3 Qb6 {[#]} 11. Bc2 $146 ({Predecessor:} 11. Be2 Be7 12. O-O Rc8 13. Nc3 Na5 14. Bd3 Nc6 15. Bb1 a6 16. Re1 Bb4 17. Qd3 {0-1 (35) Kishegyi,B (1961)-Metal,I (1955) Hungary 2005}) 11... Bb4+ (11... Nb4 $15) 12. Kf1 $14 O-O-O 13. Kg2 (13. a3 $5 {[%cal Ra3b4]} Be7 14. Nc3 $14) 13... f6 14. a3 Be7 15. Nc3 $36 {[%mdl 2048] Black is under pressure.} Rf8 16. Na4 Qc7 {[%cal Rf6e5]} 17. Nh4 {aiming for Ng6.} Be8 ({Reject} 17... fxe5 18. Ng6 $14) 18. Bg6 {[#] Bxe8 is the strong threat.} fxe5 {Hoping for ...Bxh4.} 19. Bxe8 Rxe8 $2 (19... Bxh4 $1 $15 {keeps the upper hand.} 20. Bxc6 Rxf2+ 21. Kg1 e4 22. Bxb7+ Kxb7 23. Qb3+ Kc8) 20. Ng6 $16 {White leaves nothing to chance now.} Rh7 (20... Nf6 $16) 21. dxe5 $18 b5 (21... Kb8 $142 22. Qd3 Nxe5 23. Nxe5 Qxe5) 22. Nc3 d4 23. Nxb5 Qb7 24. Nxe7+ (24. a4 $142) 24... Kb8 $2 (24... Ncxe7+ 25. Kg1 Qxb5) 25. Nd6 {[%mdl 64] [#] Double Attack. White is clearly winning.} Qxe7 26. Nxe8 Qxe8 27. Bf4 g5 28. Bg3 Rf7 29. Rc1 Qd7 30. Qb3+ Ka8 31. Qb5 Nge7 32. Rc5 Rf8 33. Rhc1 Rc8 34. Qd3 Qb7 {Strongly threatening ...Nxe5+.} 35. Qf3 Nd5 (35... d3 $142 36. Rd1 Rd8) 36. b4 a6 37. Rxd5 exd5 38. Qxd5 Ne7 (38... d3 $142 39. e6 d2) 39. Rxc8+ Nxc8 40. Qxb7+ Kxb7 41. Kf3 Ne7 42. Ke4 Nc6 43. f4 gxf4 44. Bxf4 {Accuracy: White = 61%, Black = 37%.} 1-0

[Event "URU-ch Semi Final 2020"]
[Site "Montevideo"]
[Date "2020.02.23"]
[Round "5.11"]
[White "Ramirez, Agustin"]
[Black "Dotta, Gian Franco"]
[Result "0-1"]
[WhiteElo "1715"]
[BlackElo "2000"]
[Annotator "TA"]
[PlyCount "58"]
[EventDate "2020.02.22"]
[EventType "swiss"]
[EventCountry "URU"]
[SourceTitle "playchess.com"]
[Source "ChessBase"]
[SourceQuality "1"]

{[%evp 11,57,19,18,16,27,30,29,24,13,16,37,41,35,34,73,83,95,48,76,-45,-32,-59,-54,-48,-12,-40,-33,-84,-88,-79,-78,-90,-47,-103,-106,-103,-89,-102,-31,-104,-42,-1221,-1221,-1200,-1192,-29997,-29998,-29999]} 1. e4 c5 2. Nf3 d6 3. d4 cxd4 4. Nxd4 Nf6 5. Nc3 a6 6. Be3 e5 7. Nde2 {B90: Sicilian Najdorf: Unusual White 6th moves, 6 Be3 Ng4 and 6 Be3 e5.} Ng4 8. Qd2 Nxe3 9. Qxe3 {White has an edge.} Be6 10. O-O-O Be7 11. Kb1 O-O 12. f4 Nd7 {[%cal Bb8d7,Bd7f6,Bf6e4,Be4d2][%mdl 32]} 13. f5 $1 {[%cal Rf5e6]} Bc4 {[#]} 14. g4 $146 ({Predecessor:} 14. b3 Bxe2 15. Bxe2 Rc8 16. Nd5 b5 17. h4 Nf6 18. Nxf6+ Bxf6 19. c4 h6 20. g3 {1-0 (42) Mikes,J (2298)-Cerveny,M (2329) Germany 2019}) 14... Rc8 {[#]} 15. Nd5 (15. h4 $1 $16 {[%mdl 512]}) 15... Bxd5 $15 16. exd5 Bg5 17. Qf2 Nf6 (17... Bh4 $5 {[%cal Rh4f2]} 18. Ng3 Qg5 $15) 18. h4 Ne4 $1 {[%cal Re4f2]} ({Don't play} 18... Nxg4 $6 19. Qg1 $14) 19. Qf3 (19. Qe1 $15 Be3 20. Ng3 Nc3+ 21. bxc3 Qb6+ 22. Ka1) 19... Nd2+ $17 20. Rxd2 Bxd2 $40 {[%mdl 128] Black is out for blood.} 21. Ng3 Qb6 {Strongly threatening ...Rxc2!} 22. Bd3 (22. Ne4 $15 Bf4 23. g5) 22... Bc3 {[%csl Gc3][%cal Rb6b2]} 23. b3 {[#]} Qb4 $1 {( -> ...Qa3)} 24. Ne4 {Hoping for f6.} Bd4 (24... f6 $17 25. g5 Kh8) 25. Qd1 ({Better is} 25. f6 $1 $15 g6 26. Qf1) 25... Rc5 (25... f6 $17 26. g5 Qa3) 26. Nxc5 $4 {[%mdl 8192] Now White is beyond hope.} (26. f6 $15 Qa3 27. c3 Bxc3 28. Qc2) 26... Qc3 $19 {[%csl Gd4][%cal Rc3b2]} 27. Kc1 Bxc5 28. Qf3 {[#]} Bb4 $1 {[%cal Rc3a1]} ({Not} 28... Ba3+ 29. Kd1 $17) 29. f6 Qa1# {Accuracy: White = 51%, Black = 65%.} 0-1